Statystyki dla Wszyscy napastnicy Premier League po narodowościach

Kliknij tutaj aby rozwiązać quiz!

Ogólne statystyki

  • Ten quiz został rozwiązany 49 razy
  • Średni wynik to 50 z 139

Statystyki odpowiedzi

DrużynaNarodowośćImięNazwisko% Poprawnych
CityNorwegiaErlingHaaland
98%
ArsenalAnglia/NigeriaBukayoSaka
95%
ArsenalBrazyliaGabrielJesus
93%
CityAnglia/IrlandiaJackGrealish
91%
TottenhamKorea Płd.Heung-minSon
91%
CityAngliaPhilFoden
89%
LiverpoolEgiptMohamedSalah
89%
CityArgentynaJulianAlvarez
86%
ChelseaUkrainaMykhayloMudryk
86%
LiverpoolUrugwajDarwinNunez
86%
ChelseaAnglia/JamajkaRaheemSterling
86%
CityBelgiaJeremyDoku
82%
LiverpoolPortugaliaDiogoJota
80%
ArsenalBrazylia/WłochyGabrielMartinelli
80%
UnitedAnglia/Sao Tome.MarcusRashford
80%
SheffieldChile/AngliaBen BreretonDiaz
77%
LiverpoolKolumbiaLuisDiaz
77%
TottenhamNiemcyTimoWerner
77%
LiverpoolHolandia/TogoCodyGakpo
73%
UnitedDaniaRasmusHojlund
70%
UnitedFrancjaAnthonyMartial
70%
ArsenalBelgiaLeandroTrossard
70%
BrightonHiszpania/Gwinea B.AnsuFati
68%
UnitedArgentyna/HiszpaniaAlejandroGarnacho
68%
TottenhamSzwecja/MacedoniaDejanKulusevski
66%
NewcastleSzwecja/ErytreaAlexanderIsak
64%
TottenhamBrazylia-Richarlison
64%
ChelseaAlbania/AngliaArmandoBroja
61%
ArsenalAnglia/GhanaEddieNketiah
61%
Aston VillaAngliaOllieWatkins
61%
UnitedBrazylia-Antony
59%
ChelseaSenegalNicolasJackson
59%
Aston VillaBurkina FasoBertrandTraore
59%
FulhamHiszpana/MaliAdamaTraore
59%
NewcastleAngliaCallumWilson
59%
FulhamWalia/AngliaHarryWilson
59%
Aston VillaFrancja/GwineaMoussaDiaby
55%
BrightonIrlandiaEvanFerguson
52%
TottenhamHiszpaniaBryanGil
52%
NewcastleAnglia/SzkocjaAnthonyGordon
52%
TottenhamWalia/AngliaBrennanJohnson
52%
BrightonJaponiaKaoruMitoma
52%
BrentfordAnglia/JamajkaIvanToney
52%
CityNorwegia/GambiaOscarBobb
50%
West HamAngliaJarrodBowen
50%
West HamJamajka/AngliaMichailAntonio
48%
Aston VillaJamajkaLeonBailey
48%
ChelseaAnglia/NigeriaNoniMadueke
48%
ArsenalAnglia/JamajkaReissNelson
48%
BrightonBrazyliaJoaoPedro
48%
NewcastleParagwajMiguelAlmiron
45%
NewcastleAnglia/SzkocjaHarveyBarnes
45%
BournemouthAnglia/NigeriaDominicSolanke
45%
FulhamMeksykRaulJimenez
41%
ForestBelgia/KeniaDivockOrigi
41%
ForestAustraliaChrisWood
41%
BrightonAngliaSollyMarch
39%
West HamAngliaDannyIngs
36%
PalaceFrancja/AngliaMichaelOlise
36%
BrightonAnglia/GhanaDannyWelbeck
36%
UnitedIrlandia/WłochyAmadDiallo
34%
BrightonParagwajJulioEnciso
34%
BrentfordKamerun/FrancjaBryanMbeumo
34%
BrentfordDaniaMikkelDamsgaard
32%
NewcastleAnglia/IrlandiaJacobMurphy
32%
TottenhamIzrael/PortugaliaManorSolomon
32%
West HamAlgieria/FrancjaSaidBenrahma
30%
Aston VillaArgentyna/HiszpaniaEmilianoBuendia
30%
BournemouthWalia/AngliaKiefferMoore
30%
WolvesPortugaliaPedroNeto
30%
EvertonPortugalia/Gwinea B.-Beto
27%
EvertonAngliaDominicCalvert-Lewin
27%
West HamWKS/FrancjaMaxwelCornet
27%
ForestKorea Płd.Ui-joHwang
27%
WolvesKorea Płd.Hee-chanHwang
27%
LutonAnglia/NigeriaElijahAdebayo
25%
PalaceFrancja/GFOdsonneEdouard
25%
ForestSzwecja/KamerunAnthonyElanga
25%
BournemouthHolandia/SurinamJustinKluivert
25%
BrentfordFrancja/ArgentynaNealMaupay
25%
PalaceGhana/FrancjaJordanAyew
23%
WolvesBrazyliaMatheusCunha
23%
PalaceFrancja/DRKJean-PhilippeMateta
23%
BournemouthKolumbiaLuisSinisterra
23%
BrentfordDRK/FrancjaYoaneWissa
23%
ForestNigeriaTaiwoAwoniyi
20%
ArsenalBrazylia-Marquinhos
20%
BournemouthAngliaMarcusTavernier
20%
EvertonAngliaJackHarrison
18%
LutonAngliaCarltonMorris
18%
WolvesHiszpaniaPabloSarabia
18%
EvertonHolandia/NigeriaArnautDanjuma
16%
Aston VillaKolumbiaJhonDuran
16%
BurnleyWKSDavid DatroFofana
16%
LutonAngliaAndrosTowsend
16%
TottenhamArgentynaAlejoVeliz
16%
ChelseaBrazyliaDeividWashington
16%
FulhamBrazylia-Willian
16%
LutonSzkocja/AngliaJacobBrown
14%
LiverpoolSzkocjaBenDoak
14%
EvertonAngliaDwightMcNeil
14%
BurnleyAnglia/HiszpaniaJayRodriguez
14%
BrentfordNiemcy/NigeriaKevinSchade
14%
SheffieldAnglia/BarbadosRhianBrewster
11%
BurnleyRPALyleFoster
11%
ForestAnglia/GhanaCallumHudson-Odoi
11%
FulhamBrazyliaCarlosVinicius
11%
BrightonWKSSimonAdingra
9%
BurnleySzwajcaria/TurcjaZekiAmdouni
9%
BrentfordAngliaKeaneLewis-Potter
9%
SheffieldSzkocja/AngliaOliMcBurnie
9%
ChelseaPortugalia/BelgiaDiegoMoreira
9%
LutonIrlandia/NigeriaChiedozieOgbene
9%
Aston VillaAngliaMorganRogers
9%
SheffieldAnglia/JamajkaCameronArcher
7%
BurnleyIslandiaJohann BergGudmundsson
7%
BurnleyDaniaJacob BrauunLarsen
7%
BournemouthBurkina FasoDangoOuattara
7%
BournemouthGhana/AngliaAntoineSemenyo
7%
LutonAngliaCauleyWoodrow
7%
EvertonPortugalia/Tunezja-Chermiti
5%
BurnleyWłochy/USALucaKoleosho
5%
West HamAnglia/DRKDivinMubama
5%
BurnleyFrancja/ErytreaWilsonOdobert
5%
SheffieldDania/AngliaWilliamOsula
5%
BurnleyAnglia/JamajkaNathanRedmond
5%
BurnleyBelgia/GhanaEnockAgyei
2%
EvertonAngliaLewisDobbin
2%
WolvesParagwajEnsoGonzalez
2%
SheffieldKanada/AngliaDanielJebbison
2%
BurnleyBelgia/AngolaBensonManuel
2%
FulhamBrazyliaRodrigoMuniz
2%
LutonKanada/AngliaAribimPepple
2%
PalaceAngliaLukePlange
2%
PalaceAnglia/GhanaJeserunRak-Sakyi
2%
ForestPortugaliaRodrigoRibeiro
2%
BurnleyBelgia/BurundiMikeTresor
2%
BurnleyMaroko/BelgiaAnassZaroury
2%
SheffieldAngliaLouieMarsh
0%

Rozkład punktacji

Percentyl według liczby udzielonych odpowiedzi

Procent ludzi z każdym wynikiem

Twoja historia wyników

Nie rozwiązałeś tego quizu